000
00342nam a2200133Ia 4500
008
151001s9999||||xx |||||||||||||| ||und||
100
_a
जयप्रकाश कदम
245
_a
बौध्द दार्शनिक
250
_a
1
260
_b
संगीता
260
_c
1998
300
_a
46
365
_b
18
999
_c
973676
_d
973673